000 00550nam a2200229Ia 4500
003 OSt
005 20221005120012.0
006 a|||||r|||| 00| 0
007 ta
008 221004b |||||||| |||| 00| 0 eng d
024 _a33236
037 _cTextual
040 _aCRL
_cCRL
_beng
041 _2eng
_aeng
082 _aMY2141, K1
100 _aCowdrey Colin
_9628365
245 0 _aCricket today
260 _c1961
650 _aINDUSTRIAL ARTS
942 _hMY2141, K1
_cTEXL
_2cc
999 _c1036535
_d1036535